000 00770na a2200253 4500
001 19601
003 MIRAKIL
005 20181213155110.0
008 161220b tu 000 0
020 _a9755128425
040 _aMilas
_btur
_cTR-AnCHP
041 _atur
082 _a658.3
_bS66 2004
090 _a658.3 S66 2004
245 _aSorularla kurumsal kaynak planlama
_b(enterprise resource planing-erp)
_chazırlayan Şehbal Talu
246 _a(enterprise resource planing-erp)
260 _aİstanbul
_bİstanbul Ticaret Odası
_c2004
300 _a42 s.
_c20 sm.
490 _aİstanbul Ticaret Odası
_v2004-27
500 _aKaynakça var.
650 _aİşletme yönetimi
_xKurumsal kaynak
_zTürkiye
700 _aTalu, Şehbal
942 _2ddc
_cBKS
999 _c6519
_d6519